000 00825nam a2200241 a 4500
001 BRCA_3723
005 20190320204410.0
008 140909s1848----nyua---###---#000-0#eng-#
041 _aeng
044 _anyu
050 4 _aE406
_b.C37 1848
100 1 _aCarleton, James Henry
_d1814-1873
_99686
245 1 0 _aThe Battle of Buena Vista with the operations of the ´Army of occupation´ for one month
_cby James Henry Carleton.
260 _aNew York
_bHarper & Brothers
_c1848
300 _a238 p.
_bil., 1 mapa plegable
_c18 cm.
500 _aIncluye apéndice
500 _aB346
650 1 4 _aBuena Vista, Batalla de
_y1847
_99687
651 4 _aMéxico
_xHistoria
_y1845-1848
_zGuerra con Estados Unidos
_99688
651 4 _aEstados Unidos
_xHistoria
_y1845-1848
_zGuerra con México
_99689
902 _aGFM
942 _2lcc
_cB
999 _c3452
_d3452